| 000 -ლიდერი |
| ფიქსირებული სიგრძის საკონტროლო ველი |
01079nam a2200229Ia 4500 |
| 001 - საკონტროლო ნომერი |
| საკონტროლო ველი |
6910 |
| 003 - საკონტროლო ნომრის იდენტიფიკატორი |
| საკონტროლო ველი |
GE_BSU |
| 005 - ბოლო ოპერაციის თარიღი და დრო |
| საკონტროლო ველი |
20200205131131.0 |
| 008 - ფიქსირებული სიგრძის მონაცემთა ელემენტები - ზოგადი ინფორმაცია |
| ფიქსირებული სიგრძის საკონტროლო ველი |
181216s1965||||ge |||||||||||||| ||geo|| |
| 040 ## - კატალოგიზაციის წყარო |
| Transcribing agency |
GE_BSU |
| 041 ## - ენის კოდი |
| Language code of text/sound track or separate title |
geo |
| 080 ## - უნივერსალური ათობითი კლასიფიკაციის ინდექსი |
| Universal Decimal Classification number |
821.353.1-94 გ-85 |
| 100 ## - მთავარი ჩანაწერი - პიროვნების სახელი |
| Personal name |
გრიშაშვილი, იოსებ. |
| 9 (RLIN) |
6813 |
| 245 ## - ცნობა სათაურის შესახებ |
| Title |
თხზულებათა კრებული ხუთ ტომად : ტომი 5 : |
| Remainder of title |
მინიატურები, ლიტერატურული ნარკვევები / |
| Statement of responsibility, etc |
იოსებ გრიშაშვილი ; რედ. ლ. ფოფხაძე. |
| 264 ## - წარმოების, გამოცემის, დისტრიბუციის და სხვა ცნობები |
| გამოცემის, წარმოების, დისტრიბუციის... ადგილი |
თბილისი : |
| გამოცემის, წარმოების, დისტრიბუციის... სახელწოდება |
საბჭ.საქართველო, |
| გამოცემის, წარმოების, დისტრიბუციის... თარიღი |
1965. |
| 300 ## - ფიზიკური აღწერა |
| Extent |
330 გვ. ; |
| Dimensions |
22 სმ. |
| 653 ## - INDEX TERM--UNCONTROLLED |
| Uncontrolled term |
თხზულებათა კრებული |
| 653 ## - INDEX TERM--UNCONTROLLED |
| Uncontrolled term |
მინიატურები |
| 653 ## - INDEX TERM--UNCONTROLLED |
| Uncontrolled term |
ლიტერატურული ნარკვევები |
| 700 ## - ADDED ENTRY--PERSONAL NAME |
| Personal name |
ფოფხაძე, ლ. |
| Relator term |
რედაქტორი |
| 9 (RLIN) |
3739 |
| 942 ## - ADDED ENTRY ELEMENTS (KOHA) |
| Koha item type |
წიგნი |
| Source of classification or shelving scheme |
|